Спогади (Запис № 428894)
[ простий вигляд ]
| 000 -Лідер | |
|---|---|
| fixed length control field | 00753nam a22002657a 4500 |
| 001 - Контрольний номер | |
| control field | 48771 |
| 003 - Ідентифікатор контрольного номера | |
| control field | UA-OsUOA |
| 005 - Дата та час останнього входження (трансакції) | |
| control field | 20220621204430.0 |
| 007 - Фіксоване поле фізичного опису | |
| fixed length control field | ta |
| 008 - Елементи даних фіксованої довжини – загальна інформація | |
| fixed length control field | 20130715b un ||||| |||| 00| 0 ukr d |
| 020 ## - Міжнародний стандартний книжковий номер (ISBN) | |
| Міжнародний стандартний книжковий номер (ISBN) (НП) | 5-7720-0870-6 |
| 040 ## - Джерело каталогізації | |
| Агенція оригінальної каталогізації | UA-OsUOA |
| Мова каталогізації | ukr |
| Агенція, яка здійснювала перезапис | UA-OsUOA |
| Агенція, яка здійснювала модифікацію | UA-OsUOA |
| 041 ## - Код мови | |
| Код мови тексту/ звукової доріжки чи окремого заголовка (П) | ukr |
| 080 ## - Індекс Універсальної десяткової класифікації | |
| Індекс Універсальної десяткової класифікації (УДК) (НП) | 82-94 |
| 090 ## - Локальний шифр розміщення | |
| Класифікаційний індекс УДК | 82-94 |
| Авторський знак (НП) | Г60 |
| 100 ## - Основне введення – ім’я особи | |
| Ім’я особи (НП) | Голинський М. |
| 245 ## - Відомості про назву | |
| Назва (НП) | Спогади |
| 260 ## - Публікація, розповсюдження і т.п. (Вихідні дані) | |
| Місце публікації, розповсюдження і т.п. (П) | К. |
| Ім’я/ наймення видавництва, розповсюджувача і т.п. (П) | Молодь |
| Дата публікації, розповсюдження і т.п. (П) | 1993 |
| 300 ## - Фізичний опис | |
| Обсяг | 368 с. |
| 650 #7 - Додаткове предметне введення – тематичний термін | |
| Тематичний термін чи географічна назва, як елемент введення (НП) | 82 Література. Літературознавство |
| Джерело заголовка чи терміна | UDC |
| 942 ## - Додаткові елементи входу (Коха) | |
| Тип елемента Koha | Книги |
| Source of classification or shelving scheme | Universal Decimal Classification |
| 955 ## - Код типу видання за змістом | |
| Код типу видання за змістом (НП) | Науково-популярні видання |
| Стан вилучень | Стан втрат | Джерело класифікації або схеми стелажів | Стан уражень | Не для кредиту | Постійне місце розташування | Поточне розміщення | Дата придбання | Інвентарний номер | Усього замовленно | Повний номер виклику | Штрих-код | Дата останнього перегляду | Ціна ефективна від | Тип елемента Koha | Джерело придбання | Вартість, звичайна ціна покупки |
|---|---|---|---|---|---|---|---|---|---|---|---|---|---|---|---|---|
| Universal Decimal Classification | АБ - Абонемент НБ | АБ - Абонемент НБ | 03/11/2003 | 34342 | 78:929 Г60 | 34342 | 18/05/2022 | 03/11/2003 | Книги | |||||||
| Universal Decimal Classification | АБ - Абонемент НБ | АБ - Абонемент НБ | 19/10/2012 | 43839 | 78:929 Г60 | 43839 | 22/02/2022 | 03/11/2003 | Книги | |||||||
| Universal Decimal Classification | АБ - Абонемент НБ | АБ - Абонемент НБ | 19/10/2012 | 51194 | 78:929 Г60 | 51194 | 22/02/2022 | 03/11/2003 | Книги | |||||||
| Universal Decimal Classification | АБ - Абонемент НБ | АБ - Абонемент НБ | 19/10/2012 | 51195 | 78:929 Г60 | 51195 | 22/02/2022 | 03/11/2003 | Книги | |||||||
| Universal Decimal Classification | АБ - Абонемент НБ | АБ - Абонемент НБ | 19/10/2012 | 51248 | 78:929 Г60 | 51248 | 22/02/2022 | 03/11/2003 | Книги | |||||||
| Universal Decimal Classification | Наукова бібліотека ІДУД | Наукова бібліотека ІДУД | 15/07/2013 | 2134766 | 82-94 Г60 | 2134766 | 14/09/2019 | 15/07/2013 | Книги | 282/2012 | 1.00 | |||||
| Universal Decimal Classification | Наукова бібліотека ІДУД | Наукова бібліотека ІДУД | 21/03/2016 | 2139049 | 82-94 Г60 | 2139049 | 15/09/2019 | 21/03/2016 | Книги | 310/2014 | 1.00 | |||||
| Universal Decimal Classification | Наукова бібліотека ІДУД | Наукова бібліотека ІДУД | 26/08/2004 | 2139446 | 82-94 Г60 | 2139446 | 15/09/2019 | 26/08/2004 | Книги | 310/2014 | 1.00 |